00512nam a22001697a 450000500170000001000140001702000260003103500130005703700130007008200110008310000170009424501370011126000360024827000100028430000220029465000260031620100810153131.0 aENG-99412 a9789380060682c180.00 aEN-82944 bDBAD/PUB a005.74 aPraba, K. S. aFundamentals of database management systems :bfor under graduate computer science students of Indian universities /cby K. S. Praba aSalembM.S.K Publicationsc2009 bSalem a105p.c21cm (pbk) aRelational Management